ਅਟਲ ਬਿਹਾਰੀ ਵਾਜਪਾਈ ਦੀਆਂ ਚੋਣਵੀਆਂ ਕਵਿਤਾਵਾਂ / (Record no. 110888)
[ view plain ]
| 000 -LEADER | |
|---|---|
| fixed length control field | 01680nam a22002897a 4500 |
| 005 - DATE AND TIME OF LATEST TRANSACTION | |
| control field | 20170123164158.0 |
| 008 - FIXED-LENGTH DATA ELEMENTS--GENERAL INFORMATION | |
| fixed length control field | 161031b xxu||||| |||| 00| 0 eng d |
| 010 ## - LIBRARY OF CONGRESS CONTROL NUMBER | |
| LC control number | B-082415 |
| 020 ## - INTERNATIONAL STANDARD BOOK NUMBER | |
| Terms of availability | 150.00 |
| International Standard Book Number | 817380799 |
| 035 ## - SYSTEM CONTROL NUMBER | |
| System control number | B-082415 |
| 037 ## - SOURCE OF ACQUISITION | |
| Source of stock number/acquisition | Cen Lib/Ret |
| 040 ## - CATALOGING SOURCE | |
| Original cataloging agency | DPL |
| Language of cataloging | HN |
| 082 ## - DEWEY DECIMAL CLASSIFICATION NUMBER | |
| Classification number | 821 |
| Item number | ਵਾਜਪਾ |
| 245 ## - TITLE STATEMENT | |
| Title | ਅਟਲ ਬਿਹਾਰੀ ਵਾਜਪਾਈ ਦੀਆਂ ਚੋਣਵੀਆਂ ਕਵਿਤਾਵਾਂ / |
| Statement of responsibility, etc | ਸੰਪਾਦਕ ਚੰਦ੍ਰਿਕਾਪ੍ਰਸਾਦ ਸ਼ਰਮਾ ; ਅਨੁਵਾਦਕ ਜਸਬੀਰ ਸਿੰਘ ਅਾਹਲੂਵਾਲੀਆ ਅਤੇ ਸਤੀਸ਼ ਕੁਮਾਰ ਵਰਮਾ |
| 246 ## - VARYING FORM OF TITLE | |
| Title proper/short title | Atal bihari vajpayee dian chonvian kavitavan : Punjabi / |
| Remainder of title | based on the poetry book edited by Chandrika Prasad Sharma ; translated by Jasbir Singh Ahluwalia and Satish Kumar Verma |
| 260 ## - PUBLICATION, DISTRIBUTION, ETC. (IMPRINT) | |
| Place of publication, distribution, etc | ਪਟਿਆਲਾ |
| Name of publisher, distributor, etc | ਪਬਲੀਕੇਸ਼ਨ ਬਿਊਰੋ ਪੰਜਾਬ ਯੂਨੀਵਰਸਿਟੀ |
| Date of publication, distribution, etc | 2002 |
| 270 ## - ADDRESS | |
| Address | ਪਬਲੀਕੇਸ਼ਨ ਬਿਊਰੋ ਪੰਜਾਬ ਯੂਨੀਵਰਸਿਟੀ |
| City | ਪਟਿਆਲਾ |
| 300 ## - PHYSICAL DESCRIPTION | |
| Extent | 76p ; |
| Dimensions | 16cm(Hb) |
| 650 ## - SUBJECT ADDED ENTRY--TOPICAL TERM | |
| Topical term or geographic name as entry element | ਪੰਜਾਬੀ ਸਾਹਿਤ |
| 9 (RLIN) | 138954 |
| 650 ## - SUBJECT ADDED ENTRY--TOPICAL TERM | |
| Topical term or geographic name as entry element | ਪੁਨਾਜ੍ਬੀ ਕਾਵ ਰਚਨਾ |
| 9 (RLIN) | 84396 |
| 650 ## - SUBJECT ADDED ENTRY--TOPICAL TERM | |
| Topical term or geographic name as entry element | Punjabi literature |
| 9 (RLIN) | 138955 |
| 650 ## - SUBJECT ADDED ENTRY--TOPICAL TERM | |
| Topical term or geographic name as entry element | Punjabi poetry composition |
| 9 (RLIN) | 138956 |
| 700 ## - ADDED ENTRY--PERSONAL NAME | |
| Personal name | ਅਾਹਲੂਵਾਲੀਆ, ਜਸਬੀਰ ਸਿੰਘ |
| 9 (RLIN) | 46993 |
| 700 ## - ADDED ENTRY--PERSONAL NAME | |
| Personal name | ਸ਼ਰਮਾ, ਚੰਦ੍ਰਿਕਾਪ੍ਰਸਾਦ |
| 9 (RLIN) | 45068 |
| 700 ## - ADDED ENTRY--PERSONAL NAME | |
| Personal name | ਵਰਮਾ, ਸਤੀਸ਼ ਕੁਮਾਰ |
| 9 (RLIN) | 138957 |
| 942 ## - ADDED ENTRY ELEMENTS (KOHA) | |
| Source of classification or shelving scheme | Dewey Decimal Classification |
| Koha item type | Punjabi Bks |
| Classification part | 821 |
| Call number suffix | ਵਾਜਪਾ |
| Withdrawn status | Lost status | Source of classification or shelving scheme | Damaged status | Not for loan | Home library | Current library | Date acquired | Source of acquisition | Cost, normal purchase price | Total Checkouts | Full call number | Barcode | Date last seen | Copy number | Cost, replacement price | Price effective from | Koha item type |
|---|---|---|---|---|---|---|---|---|---|---|---|---|---|---|---|---|---|
| Dewey Decimal Classification | Central Library | Central Library | 09/02/2016 | Cen Lib/Ret | 150.00 | 821 ਵਾਜਪਾ | B-082415 | 09/02/2016 | 2 | 150.00 | 23/01/2017 | Punjabi Bks | |||||
| Dewey Decimal Classification | Central Library | Central Library | 12/02/2016 | Cen Lib/Ret | 150.00 | 821 ਵਾਜਪਾ | B-082414 | 12/02/2016 | 1 | 23/01/2017 | Punjabi Bks |
